000
00291nam a2200109Ia 4500
008
171211s9999 xx 000 0 und d
245
_a
Animal Investigations: Level 4
245
_c
Diana Noonan
260
_c
2008
650
_x
ANIMALS
856
_u
http://down.ebook777.com/057/0743909089.pdf
999
_c
348421
_d
348421